Quiz w jakich klubach grał Cristiano Ronaldo - Statystyki

Ogólne statystyki
  • Ten quiz został rozwiązany 36 razy
    9 od ostatniego zresetowania
  • Średni wynik to 20 z 28
Statystyki odpowiedzi
rok klub % Poprawnych
1997 sporting
100%
2003 manchester united
88%
2004 manchester united
88%
1998 sporting
88%
1999 sporting
88%
2000 sporting
88%
2001 sporting
88%
2002 sporting
88%
2005 manchester united
75%
2006 manchester united
75%
2007 manchester united
75%
2008 manchester united
75%
2021 manchester united
75%
2022 manchester united
75%
2023 Al Nassr
63%
2024 Al Nassr
63%
2019 Juventus
63%
2020 Juventus
63%
2009 Real madrid
63%
2010 Real madrid
63%
2011 Real madrid
63%
2012 Real madrid
63%
2013 Real madrid
63%
2014 Real madrid
63%
2015 Real madrid
63%
2016 Real madrid
63%
2017 Real madrid
63%
2018 Real madrid
63%
Nie znaleziono quizów pasujących do podanych kryteriów
Rozkład punktacji
Procent ludzi z każdym wynikiem
Percentyl według liczby udzielonych odpowiedzi
Twoja historia wyników
Nie rozwiązałeś tego quizu od ostatniego zresetowania